000 00683nam a2200229 a 4500
001 13291
003 BD-JhCC
005 20230809113510.0
008 171024s2015 bg |||| ||a| 000 0 ben d
020 _a9847280347
035 _a(BD-JhCC)13291
040 _aBD-JhCC
_dBD-JhCC
041 _abengali
082 _a891.4435
_bALM 2015
100 _aআলম, অনিরুদ্ধ
245 _aনির্বাচিত আষাঢ়ে গল্প /
_cঅনিরুদ্ধ আলম।
260 _aঢাকা :
_bআরো প্রকাশন;
_c2015.
300 _a239 p. :
_c21 cm.
650 _aBengali Short Stories
942 _2ddc
_cBK
_01
999 _c13291
_d13291